Tratado de patologia interna / (Record no. 146204)

MARC details
000 -LEADER
campo de control de longitud fija 01013nam a2200169 i 4500
001 - NÚMERO DE CONTROL
campo de control 146204
003 - IDENTIFICADOR DE NÚMERO DE CONTROL
campo de control ES-MaACL
005 - FECHA Y HORA DE LA ÚLTIMA TRANSACCIÓN
campo de control 20230906201441.0
007 - CAMPO FIJO DE DESCRIPCIÓN FÍSICA--INFORMACIÓN GENERAL
campo de control de longitud fija t|
008 - DATOS DE LONGITUD FIJA--INFORMACIÓN GENERAL
campo de control de longitud fija 070905s19271934sp ||||1| spa d
245 00 - MENCIÓN DEL TÍTULO
Título Tratado de patologia interna /
Mención de responsabilidad, etc. publicado bajo la dirección de Ed. Enriquez, A. Laffite ; traducido por el Doctor Manuel Salvat.
260 ## - PUBLICACIÓN, DISTRIBUCIÓN, ETC.
Lugar de publicación, distribución, etc. Barcelona :
Nombre del editor, distribuidor, etc. Salvat,
Fecha de publicación, distribución, etc. 1927-1934.
300 ## - DESCRIPCIÓN FÍSICA
Extensión 3 tom. en 5 v. ;
Dimensiones 27 cm.
505 8# - NOTA DE CONTENIDO CON FORMATO
Nota de contenido con formato Contiene: 1. Enfermedades infecciosas y parasitorias, enfermedades de la boca, faringe, esófago, estómago e intestino 2, pte. 1. Enfermedades del hígado y las vías biliares, enfermedades de la nutrición, intoxicaciones 2, pte. 2. Enfermedades de los riñones y del peritoneo, patología de las glándulas endocrinas ectosimpatosis, reumatismos crónicos 3, pte. 1. Enfermedades del corazón y de los vasos 3, pte. 2. Enfermedades de la sangre y de los órganos hematopoyéticos
700 1# - ENTRADA AGREGADA--NOMBRE PERSONAL
Nombre de persona Enríquez, Edouard.
9 (RLIN) 47276
852 ## - LOCALIZACIÓN
Ubicación ES-MaACL
Número de control de estantería B-13525-29
Holdings
Estatus retirado Estado de pérdida Estado de daño No para préstamo Biblioteca de origen Biblioteca actual Ubicación en estantería Fecha de adquisición Fuente de adquisición Total de préstamos Signatura topográfica completa Código de barras Visto por última vez Precio de reemplazo Tipo de ítem Koha
        Biblioteca del Ateneo de Madrid Biblioteca del Ateneo de Madrid Sala Pardo Bazán 17/01/2008     B-13525-29 1152600 23/02/2023 23/02/2023 Libro impreso